Match the ancient country to its ruler - Statistics

General Stats
  • This quiz has been taken 116 times
  • The average score is 13 of 25
Answer Stats
Hint Explanation Answer % Correct
Genghis Khan 1206 Mongol Empire
97%
Qin Shi Huang 221 BC China
85%
Attila 434 Kingdom of the Huns
80%
Tiberius Reign began: 14 (AD) Roman Empire
78%
Montezuma II 1502 Aztec Empire
66%
Pericles 461 BC Athens
65%
Hannibal 221 BC Carthage
65%
Herod the Great 37 BC Judea
65%
Atahualpa 1532 Inca Empire
64%
Osman I 1299 Ottoman Empire
62%
Clovis 509 Kingdom of the Franks
58%
Frederick Barbarossa 1155 Holy Roman Empire
56%
Nebuchadnezzar II 605 BC Babylon
54%
Æthelwulf 839 Wessex
54%
ʿAbd al-Malik ibn Marwān ibn al-Ḥakam 685 Umayyad Caliphate
49%
Saladin 1174 Ayyubid Sultanate
38%
Timur (Tamerlane) 1370 Chagatai Khanate
34%
Alaric I 395 Visigothic Kingdom
33%
Babur 1526 Mughal Empire
30%
Puzur-Ashur I 2025 BC Assyria
29%
Semerkhet 2920 BC Egypt
27%
Puzur-Suen 2350 BC Sumer
24%
Zeno 474 Byzantine Empire
22%
Anaxander 640 BC Sparta
22%
Theodoric the Great 471 Ostrogothic Kingdom
21%
No matching quizzes found
Score Distribution
Percent of People with Each Score
Percentile by Number Answered
Your Score History
You have not taken this quiz